000
00327nam a2200109Ia 4500
008
221009s9999 xx 000 0 und d
082
_a
741.642 BOOK
100
_a
विश्वम्भरसहाय
_9
40751
245
0
_a
राम वनगमल
260
_b
सस्ता साहित्य
942
_c
BK
999
_c
64661
_d
64661